| 000 | 00970nam a2200277 i 4500 | ||
|---|---|---|---|
| 001 | 182622 | ||
| 003 | ES-MaACL | ||
| 005 | 20250604062552.0 | ||
| 008 | 131007s2012 sp | |||||||| | spa d | ||
| 020 | _a978-84-615-7455-1 | ||
| 080 | _a94(460)"18" | ||
| 080 | _a94(460)"1898" | ||
| 100 | 1 |
_aDíaz Cano, Juan Antonio. _9153537 |
|
| 245 | 1 | 3 |
_aLa noche del Almirante / _cJuan Antonio Díaz Cano. |
| 260 |
_aMadrid : _bReal Liga Naval Española, _c[2012] |
||
| 300 |
_a242 p. ; _c30 cm. |
||
| 504 | _aBibliografía: p. 240-242. | ||
| 600 | 1 | 4 |
_aCervera y Topete, Pascual. _937651 |
| 651 | 7 |
_aEspaña- _xHistoria- _yS.XIX _2 _9142005 |
|
| 651 | 4 |
_aEspaña- _xHistoria- _y1898 _98272 |
|
| 710 | 2 |
_aReal Liga Naval Española. _9153379 |
|
| 852 |
_aES-MaACL _jA-12861 _9189538 _bR.149107 _cDEPO1 _dOlim: N-5861 _xDonación: Real Liga Naval Española |
||
| 914 |
_9153379 _aReal Liga Naval Española _ednr |
||
| 942 |
_2udc _cMONOGRAFIA |
||
| 999 |
_c182622 _d182622 |
||